E katege enendu hesaridali: Kathasankalana (Record no. 116831)

MARC details
000 -LEADER
fixed length control field 00805nam a2200253Ia 4500
003 - CONTROL NUMBER IDENTIFIER
control field OSt
005 - DATE AND TIME OF LATEST TRANSACTION
control field 20251106144644.0
008 - FIXED-LENGTH DATA ELEMENTS--GENERAL INFORMATION
fixed length control field 210210b2006 xxu||||| |||| 00| 0 eng d
040 ## - CATALOGING SOURCE
Transcribing agency AL
041 ## - LANGUAGE CODE
Language code of text/sound track or separate title Kannada
082 ## - DEWEY DECIMAL CLASSIFICATION NUMBER
Classification number K894.301 SHRI
100 ## - MAIN ENTRY--PERSONAL NAME
Personal name SHRIKANTA PUTTURU (K)
Dates associated with a name ಶ್ರೀಕಾಂತ ಪುತ್ತೂರು (ಕೆ)
9 (RLIN) 244357
245 ## - TITLE STATEMENT
Title E katege enendu hesaridali: Kathasankalana
Remainder of title ಈ ಕಥೆಗೆ ಏನೆಂದು ಹೆಸರಿಡಲಿ: ಕಥಾಸಂಕಲನ
260 ## - PUBLICATION, DISTRIBUTION, ETC.
Place of publication, distribution, etc. Udupi
Name of publisher, distributor, etc. Sumanta Prakashana
Date of publication, distribution, etc. 2006
300 ## - PHYSICAL DESCRIPTION
Extent v,131
650 ## - SUBJECT ADDED ENTRY--TOPICAL TERM
Topical term or geographic name entry element Kathasankalana
9 (RLIN) 244358
650 ## - SUBJECT ADDED ENTRY--TOPICAL TERM
Topical term or geographic name entry element katege
9 (RLIN) 244359
650 ## - SUBJECT ADDED ENTRY--TOPICAL TERM
Topical term or geographic name entry element I
9 (RLIN) 244360
650 ## - SUBJECT ADDED ENTRY--TOPICAL TERM
Topical term or geographic name entry element hesaridali
9 (RLIN) 244361
650 ## - SUBJECT ADDED ENTRY--TOPICAL TERM
Topical term or geographic name entry element enendu
9 (RLIN) 244362
690 ## - LOCAL SUBJECT ADDED ENTRY--TOPICAL TERM (OCLC, RLIN)
Topical term or geographic name as entry element Kannada Fiction
9 (RLIN) 244363
906 ## - LOCAL DATA ELEMENT F, LDF (RLIN)
a 062141
942 ## - ADDED ENTRY ELEMENTS (KOHA)
Source of classification or shelving scheme Dewey Decimal Classification
Koha item type Book
Holdings
Withdrawn status Lost status Source of classification or shelving scheme Damaged status Not for loan Collection code Home library Current library Shelving location Date acquired Source of acquisition Cost, normal purchase price Total Checkouts Full call number Barcode Date last seen Price effective from Koha item type
    Dewey Decimal Classification     Kannada St Aloysius Library St Aloysius Library   02/17/2021 Prasadana Prakashana Mangaluru-4 60.00   K894.301 SHRI 062141 02/17/2021 02/17/2021 Book